Directorio para la visita Ad Limina

Uloženo v:
Podrobná bibliografie
Médium: Kniha
Jazyk:španělština
Vydáno: Ciudad del Vaticano Tipografia Poliglota Vaticana 1988
Témata:
Tagy: Přidat tag
Žádné tagy, Buďte první, kdo vytvoří štítek k tomuto záznamu!

MARC

LEADER 00000nam a2200000 a 4500
001 UCL2999
003 CL-VaPUC
008 031114e19880000VC |||||||||||||||||spa|d
082 0 4 |a 262.9  |b DIR  |2 21 
245 1 0 |a Directorio para la visita Ad Limina 
300 |a 42 p 
942 |c BK 
945 |d 20031114 00:00:00  |a rbrito 
260 |a Ciudad del Vaticano  |b Tipografia Poliglota Vaticana  |c 1988 
650 7 |a DERECHO CANONICO  |2 CL-VaPUC  |9 480236 
583 |a last modification  |c 20031114 00:00:00  |k Rodrigo Vera 
999 |c 306152  |d 306150 
952 |0 0  |1 0  |4 0  |6 262_900000000000000_DIR_1988  |7 0  |8 DER_HDC  |9 370919  |a BIBDER  |b BIBDER  |d 2019-11-21  |i 3939243  |o 262.9 DIR 1988  |p 3939243  |r 2023-01-25  |w 2019-11-21  |x Ubicación 4to Piso  |y BK  |z Estos recursos deben solicitarse con anticipación  |k DER